| 000 | 00573nam a22001937a 4500 | ||
|---|---|---|---|
| 005 | 20250827115345.0 | ||
| 008 | 250827b |||||||| |||| 00| 0 eng d | ||
| 020 | _a9789389987935 | ||
| 040 |
_aIN-DiNC _cIN-DiNC |
||
| 041 | _deng | ||
| 082 |
_a657 _bJUN |
||
| 100 |
_aJuneja, C. Mohan _eauthor |
||
| 245 |
_aAccountancy (class XII/ V. I)/ _cBy C. Mohan Juneja and Manav Aggarwal |
||
| 250 | _a13th rev. & enl. ed. | ||
| 260 |
_aLudhiana: _bKalyani, _c2025. |
||
| 650 | _aAccountancy for class twelve (XII/ V. I) | ||
| 700 |
_aAggarwal, Manav _eauthor |
||
| 942 |
_2ddc _cBK |
||
| 999 |
_c12202 _d12202 |
||